Tribhuvan University Central Library

Analysis of contemporary education (Record no. 59084)

MARC details
000 -LEADER
fixed length control field 00652 a2200241 4500
020 ## - INTERNATIONAL STANDARD BOOK NUMBER
International Standard Book Number 0-690--8727-6
041 ## - LANGUAGE CODE
Language code of text/sound track or separate title Eng
082 ## - DEWEY DECIMAL CLASSIFICATION NUMBER
Classification number 370.1
Item number Or6a
100 ## - MAIN ENTRY--PERSONAL NAME
Personal name Ornstein, Allan C ed.
9 (RLIN) 19436
100 ## - MAIN ENTRY--PERSONAL NAME
Personal name Hedley, Eugene W.
9 (RLIN) 19437
245 ## - TITLE STATEMENT
Title Analysis of contemporary education
260 ## - PUBLICATION, DISTRIBUTION, ETC.
Place of publication, distribution, etc. New York
Name of publisher, distributor, etc. Thomas Y. Crowell
Date of publication, distribution, etc. 1973
300 ## - PHYSICAL DESCRIPTION
Extent xi, 320p.
504 ## - BIBLIOGRAPHY, ETC. NOTE
Bibliography, etc. note Bibliographic footnotes
650 ## - SUBJECT ADDED ENTRY--TOPICAL TERM
Topical term or geographic name entry element Educational philosophy
9 (RLIN) 4917
650 ## - SUBJECT ADDED ENTRY--TOPICAL TERM
Topical term or geographic name entry element Society
9 (RLIN) 244
650 ## - SUBJECT ADDED ENTRY--TOPICAL TERM
Topical term or geographic name entry element Educational systems
9 (RLIN) 5488
650 ## - SUBJECT ADDED ENTRY--TOPICAL TERM
Topical term or geographic name entry element Democracy
650 ## - SUBJECT ADDED ENTRY--TOPICAL TERM
Topical term or geographic name entry element Classrooms
9 (RLIN) 17382
653 ## - INDEX TERM--UNCONTROLLED
Uncontrolled term Education
942 ## - ADDED ENTRY ELEMENTS (KOHA)
Source of classification or shelving scheme Dewey Decimal Classification
Koha item type General Collections
518 ## - DATE/TIME AND PLACE OF AN EVENT NOTE
-- 2067-11-11

No items available.